000 00318pab a2200145 454500
008 180718b1989 xxu||||| |||| 00| 0 eng d
100 _aDatta - Chaudhuri, Mrinal
245 _aSocial democracy
260 _c1989
300 _a26-30
362 _aNov.
650 _aSocialism
773 _aSeminar
909 _a18828
999 _c18828
_d18828